00459 2200169 4500001002100000005001500021035002000036245006400056100001600120250001700136300003000153260003400183082001000217084001600227020002200243650002400265INLIS00000000000095120250319115548 a0010-03250000471 aBuku Terbesar dan Terhebat Kapal-Kapal Super /cMinna Lacey0 aMinna Lacey aCetakan ke-1 a30 hlm :bIlus ;c26,5 cm aSolo :bTiga Serangkai,c2019 a387.5 a387.5 MIN b a978-623-206-251-1 4aTransportasi lautan